| 000 | 00641nam a2200193 i 4500 | ||
|---|---|---|---|
| 001 | 101517 | ||
| 003 | ES-MaACL | ||
| 007 | t| | ||
| 008 | 051019s1984 sp ||||1| spa d | ||
| 100 | 1 |
_aMedina, Mariano. _979706 |
|
| 245 | 1 | 0 |
_aTeoría de la predicción meteorológica / _cpor Mariano Medina. |
| 260 |
_aMadrid : _bInstituto Nacional de Meteorología, _c1984. |
||
| 300 |
_a361 p. : _bil. ; _c30 cm. |
||
| 490 | 1 | _aPublicación Serie B. Textos | |
| 710 | 2 |
_aInstituto Nacional de Meteorología (España) _95177 |
|
| 830 | 0 |
_aPublicación Serie B. Textos _9232482 |
|
| 852 |
_aES-MaACL _jL-7472 _bR.108183 |
||
| 999 |
_c101517 _d101517 |
||